Städte Europas auf Inseln - Sudden Death - Statistiken

Allgemein
  • Dieses Quiz wurde 195 mal gespielt
  • Das Durchschnittsergebnis liegt bei 8 aus 15
Answers on the Grid
Answers color-coded by a green-red scale on the quiz's grid according to % correct below.
Cagliari
London
Kopenhagen
Valletta
Catania
Belfast
Manchester
Glasgow
Palma
Rhodos
Limerick
Norderney
Reykjavik
Bastia
Syrakus
Athen
Bari
Split
Lissabon
Vigo
Nizza
Den Haag
Trondheim
Stockholm
Gibraltar
Sewastopol
Istanbul
Dubrovnik
Stralsund
Patras
 
Antwortstatistiken
Antwort % Korrekt
Reykjavik
73%
London
66%
Belfast
65%
Palma
65%
Valletta
62%
Rhodos
60%
Glasgow
59%
Norderney
57%
Manchester
56%
Kopenhagen
48%
Cagliari
44%
Limerick
37%
Catania
34%
Bastia
32%
Syrakus
26%
Keine übereinstimmenden Quizze gefunden
Verteilung der Resultate
Anzahl Personen mit jedem Resultat
Perzentil nach korrekt beantworteten Fragen
Ihre Resultats-Entwicklung
Sie haben dieses Quiz noch nicht gespielt